| 000 | 00824cam a2200241 a 4500 | ||
|---|---|---|---|
| 001 | 4491892 | ||
| 005 | 20250325131746.0 | ||
| 008 | 971124s1998 gaua b 001 0 eng | ||
| 020 | _a0881732834 | ||
| 050 | 0 | 0 |
_aHD9685.U5 _bS795 1998 |
| 082 | 0 | 0 |
_a333.793/23/0973 _221 |
| 100 | 1 | _aStudebaker, John M. | |
| 245 | 1 | 0 |
_aSlashing utility costs handbook / _cby John M. Studebaker. |
| 250 | _a2nd ed. | ||
| 260 |
_aLilburn, GA : _bFairmont Press, _cc1998. |
||
| 300 |
_axv, 431 p. : _bill. ; _c24 cm. |
||
| 650 | 0 |
_aElectric utilities _zUnited States _xCosts. |
|
| 650 | 0 |
_aElectric utilities _xRates _zUnited States. |
|
| 650 | 0 |
_aGas industry _zUnited States _xCosts. |
|
| 650 | 0 |
_aGas companies _xRates _zUnited States. |
|
| 856 | 7 |
_3Table of contents _uhttp://lcweb.loc.gov/catdir/toc/97-48653.html _2http |
|
| 942 |
_2lcc _cBK _n0 |
||
| 999 |
_c5190 _d5190 |
||